Statistics for Countries Closest to Mexico City

Click here to take the quiz!

General Stats

  • This quiz has been taken 75 times
  • The average score is 16 of 17

Answer Stats

Distance (Miles)Answer% Correct
1,260Panama
100%
920Cuba
99%
1,610Colombia
97%
700Honduras
97%
450USA
97%
1,740Dominican Republic
94%
1,600Haiti
94%
680El Salvador
93%
520Guatemala
93%
1,320Jamaica
93%
630Belize
91%
1,040Costa Rica
91%
850Nicaragua
91%
1,840Venezuela
91%
1,810Canada
90%
1,350The Bahamas
89%
1,800Ecuador
81%

Score Distribution

Percentile by Number Answered

Percent of People with Each Score

Your Score History

You have not taken this quiz